Batıgil demokrasisinin ve hukukun doğugil serüveninden kesitler (Record no. 1313)

MARC details
000 -BAŞLIK
Sabit Uzunlukta Kontrol Alanı 00811na a2200253 4500
001 - KONTROL NUMARASI
Denetim Alanı 15887
003 - KONTROL NUMARASI IDENTIFIER
Denetim Alanı MIRAKIL
005 - SON İŞLEM TARİHİ VE ZAMANI
Denetim Alanı 20181213154819.0
008 - SABİT-BOY VERİ ELEMANLARI - GENEL BİLGİLER
Sabit Uzunlukta Kontrol Alanı 160926b tu 000 0
040 ## - KATALOGLAMA KAYNAK
Orijinal Kataloglama Ajansı Milas
Kataloglama Dili tur
Metne Dönüştürmek Ajansı TR-AnCHP
082 ## - DEWEY ONLU SINIFLANDIRMA NUMARASI
Sınıflandırma Numarası 322.409561
Ürün Numarası S34b 2009
090 ## - SINIFLAMA NUMARASI
Sınıflama Numarası 322.409561 S34b 2009
100 ## - ANA GİRİŞ - KİŞİSEL İSİM
Kişisel Ad Selçuk, Sami
Bir Adıyla İlişkilendirilen Tarihler 1937-
245 ## - BAŞLIK TABLOSU
Başlık Batıgil demokrasisinin ve hukukun doğugil serüveninden kesitler
Başlığın Kalan Adıyla siyasallaşan bir dava Ergenokon
Sorumluluk Tablosu, Vb Sami Selçuk
246 ## - UNVAN FORM VARYING
Başlık Doğru / Kısa Başlığı Adıyla siyasallaşan bir dava Ergenokon
260 ## - YAYIN, DAĞITIM, VB
Yayın, Dağıtım, Vb Yeri İstanbul
Yayıncı, Dağıtıcı, Vs Adı Truva Yayınları
Yayın, Dağıtım, Vb Tarihi 2009
300 ## - FİZİKSEL TANIM
Kapsam 336 s.
Boyutlar 20 sm.
490 ## - SERİSİ TABLOSU
Seri Beyanı Truva/Siyaset
Hacim / Ardışık Tanımı 76
490 ## - SERİSİ TABLOSU
Seri Beyanı Truva yayınları
Hacim / Ardışık Tanımı 270
650 ## - KONU KATMA GİRİŞ - TOPİKAL DÖNEM
Topikal Süreli Veya Coğrafi Ad Giriş Elemanı Siyasal gruplar
Coğrafi Alt Bölümü Türkiye
650 ## - KONU KATMA GİRİŞ - TOPİKAL DÖNEM
Topikal Süreli Veya Coğrafi Ad Giriş Elemanı Ergenekon davası
650 ## - KONU KATMA GİRİŞ - TOPİKAL DÖNEM
Topikal Süreli Veya Coğrafi Ad Giriş Elemanı Militarizm
Coğrafi Alt Bölümü Türkiye
942 ## - EKLENDİ GİRİŞ ELEMANLARI (KOHA)
Sınıflandırma Veya Raf Düzeni Kaynak Dewey Decimal Classification
Koha Öğesi Türü Books
999 ## - SİSTEM KONTROL NUMARALARI (KOHA)
Koha Biblionumber 1313
Koha Biblioitemnumber 1313
Holdings
Kalıcı Konum Mevcut Konum Edinme Tarihi Edinim Kaynak Toplam Check-Out'Lar Tam Çağrı Numarası Barkod Tarih Son Görülme İtibaren Geçerli Fiyatlar Koha Öğesi Türü
CHP Kütüphanesi CHP Kütüphanesi 09/26/2016 Bağış   322.409561 S34b 2009 004224 09/26/2016 09/26/2016 Books